| 000 | 00518nam a22001697a 4500 | ||
|---|---|---|---|
| 003 | SISC | ||
| 005 | 20160127103328.0 | ||
| 008 | 130904t xxu||||| |||| 00| 0 eng d | ||
| 020 | _a97817412199357 | ||
| 050 |
_aTX 724.5 _b.As832 2008 |
||
| 082 |
_aHS 641.691 _bAr3 2008 |
||
| 245 |
_aAsian dishes : _cEllen Argyriou. _bessential cooking comprehensive,step by step cooking |
||
| 260 |
_aAustralia : _bWS Pacific Publications, _c c2008. |
||
| 300 |
_a62 p . : _bill. ; _c20 cm. |
||
| 942 |
_2lcc _cBK |
||
| 999 |
_c10364 _d10364 |
||